| 000 | 00679nam a2200217Ii 4500 | ||
|---|---|---|---|
| 003 | JO-AjNU | ||
| 008 | 230605s9999||||xx |||||||||||||| ||und|| | ||
| 017 | _a2009/16483 | ||
| 020 | _a978-977-287-926-5 | ||
| 040 |
_aJO-AjNU _bara _erda _cJO-AjNU |
||
| 041 | _aara | ||
| 050 | 1 | 4 | _aTE185 2009 |
| 100 | 3 |
_aعلى ،اسامة فتحي , _eauthor _951495 |
|
| 245 | 0 | 0 | _aتقنية رصف وصيانة الطرق |
| 264 | 3 | 1 | _aالقاهرة :دار الكتب العلمية ، 2009 |
| 300 | _a224ص | ||
| 336 |
_atext _btxt _2rdacontent |
||
| 337 |
_aunmediated _bn _2rdamedia |
||
| 338 |
_avolume _bnc _2rdacarrier |
||
| 650 | 4 |
_aتقنية -صيانة الطرق _951496 |
|
| 999 |
_aA22753 _c26321 _d26321 |
||